| 000 | 01852nam0a2200337 4500 | ||
|---|---|---|---|
| 001 | RU\NLR\BIBL_A\011928289 | ||
| 005 | 20190521111917.0 | ||
| 010 |
_a978-5-906926-83-8 _9500 |
||
| 021 |
_aRU _bКН-П-18-101291 _9КН-П-18-7341 |
||
| 035 | _a(NLR Aleph) 011928289 | ||
| 035 | _a(RuMoRGB)009855712 | ||
| 090 |
_a11024855 _c11024855 |
||
| 100 | _a20190205d2017 k y0rusy50 ca | ||
| 101 | 0 | _arus | |
| 102 | _aRU | ||
| 105 | _aa|||z|||000zy | ||
| 200 | 1 |
_aРусское духовенство при царе-реформаторе: историографическое осмысление _eмонография _fС.И. Реснянский, А.А. Киенков _gМинистерство образования Московской области, Государственное образовательное учреждение высшего образования Московской области "Государственный гуманитарно-технологический университет" |
|
| 210 |
_aОрехово-Зуево _aКоломна _cСеребро Слов _d2017 |
||
| 215 |
_a354 с. _cил. _d21 |
||
| 300 | _aНа 4-й с. обл. 1-й авт.: Реснянский С.И., д.ист.н., проф. | ||
| 320 | _aБиблиогр.: с. 345-354 | ||
| 606 | 1 |
_aДуховенство православное _xИсториография _yРоссия _z18 в. _92410532 _3RU\NLR\AUTH\6601655427 |
|
| 686 | 2 | _aЭ372.24-63г | |
| 700 | 1 |
_aРеснянский _bС. И. _gСергей Иванович |
|
| 701 | 1 |
_aКиенков _bА. А. _f1970- _gАлексей Александрович |
|
| 942 | _cBOOK | ||
| 980 | _aNBR | ||
| 980 | _aNB | ||